Statistiken für Alles beginnt mit "KA"

Klicken Sie hier um das Quiz zu spielen!

Allgemein

  • Dieses Quiz wurde 315 mal gespielt
    (293 seit der letzten Aktualisierung)
  • Das Durchschnittsergebnis liegt bei 9 aus 18

Antwortstatistiken

HinweisAntwort% Korrekt
ZahnfäulnisKaries
93%
Trampeltier, Dromedar, LamaKamel
85%
Deutsche Stadt mit dem Kfz-Kennzeichen KAKarlsruhe
85%
Japanische Freizeitbeschäftigung, bei der Amateursänger zu Playback singenKaraoke
81%
Unglück, tragisches EreignisKatastrophe
75%
FlieseKachel
74%
Land, dessen Hauptstadt seit 2019 Nur-Sultan heißtKasachstan
71%
Chemisches Element, das auf englisch "potassium" heißtKalium
62%
Rasende Reporterin aus den Benjamin-Blümchen- und Bibi-Blocksberg-GeschichtenKarla Kolumna
58%
Trockensavanne in Namibia, Botswana und SüdafrikaKalahari
51%
Deutscher Name der tschechischen Stadt Karlovy VaryKarlsbad
36%
Meeresgebiet zwischen Dänemark und SchwedenKattegat
34%
In der DDR gebräuchliche Bezeichnung für SupermärkteKaufhalle
21%
Überbau über einen Bergwerks-Schacht, der u.a. zum Umkleiden der Bergleute dientKaue
15%
13maliger südafrikanischer Fußballmeister aus SowetoKaizer Chiefs
13%
Anderer, "koffeinhaltiger" Name des Musikstücks "Schweigt stille, plaudert nicht" von J.S. BachKaffeekantate
12%
In der griechischen Mythologie die Königin von Äthiopien und die Mutter der AndromedaKassiopeia
11%
Größter Hit der Gruppe MarillionKayleigh
11%

Verteilung der Resultate

Perzentil nach korrekt beantworteten Fragen

Anzahl Personen mit jedem Resultat

Ihre Resultats-Entwicklung

Sie haben dieses Quiz seit der letzten Aktualisierung nicht gespielt